01086nam a2200253 a 4500001001000000005001700010008004100027041000800068044000700076084001900083100004500102245009500147260003500242300001900277500008700296500013100383500007100514500001000585650005200595650005600647650003400703650004500737740005000782BRCA_270120190320203929.0031208s1887----sp-#---###---#000-0#spa-u aspa asp a208bG66c18871 aCervantes Saavedra, Miguel ded1547-161610aEl Ingenioso Hidalgo Don Quijote de la Manchaccompuesto por Miguel de Cervantes Saavedra. aMadridbJosé Góngorac1887 a395 p.c17 cm. aContenido : Dedicatoria del autor. Prólogo del autor. Versos preliminares. Texto aEdición económica, de tipos pequeños y difícil lectura. Semipiel; lomera decorada con adornos dorados Lúdovik Osterc aEstado físico : La edición presenta la portada semidesprendida aQM20214aNovela españolayÉpoca clásica, 1500-170014aLiteratura españolayÉpoca clásica, 1500-170014aNovela españolaySiglo XVII14aDon Quijote (Personaje ficticio)eNovela0 aEl Ingenioso Hidalgo Don Quijote de la Mancha